[Event "Tata Steel India 2018-Blitz"]
[Site "Kolkata"]
[Date "2018.11.13"]
[Round "4"]
[White "Praggnanandhaa R"]
[Black "Mamedyarov, Shakhriyar"]
[Result "0-1"]
[WhiteElo "2530"]
[BlackElo "2817"]
[Annotator "TA"]
[PlyCount "148"]
[EventDate "2018.11.09"]
[EventType "tourn"]
[EventCountry "IND"]
[SourceTitle "playchess.com"]
[Source "ChessBase"]
[SourceQuality "1"]

{[%evp 14,148,26,24,24,-17,22,12,19,6,7,0,61,-54,-47,-91,18,-285,-277,-233,-220,-197,-179,-235,-227,-252,-236,-192,-131,-166,-149,-158,-154,-162,-160,-158,-173,-187,-186,-191,-179,-188,-199,-192,-162,-173,-172,-286,-313,-300,-308,-286,-149,-153,-129,-125,-124,-112,-110,-99,-77,-76,-40,-52,0,-153,-16,-32,-32,-54,-32,-38,-38,-109,-60,-191,-187,-174,-69,-69,0,-136,-129,-156,-164,-147,-143,-150,-107,-106,-107,-110,-104,-121,0,-113,-94,-514,-510,-504,-446,-349,-97,-89,-88,-97,-67,-76,-70,-98,-99,-116,-73,-528,-529,-878,-525,-1097,-1210,-963,-921,-1862,-573,-1862,-1656,-1155,-713,-29975,-29976,-29979,-29980,-29979,-29980,-29984,-29985,-29984,-29985]} 1. e4 e5 2. Nf3 Nc6 3. Bc4 Nf6 4. d3 {[%cal Bd2d3,Bd3d4][%mdl 32]} h6 5. O-O d6 6. c3 g5 {C55: Two Knights: 4 d3, 4 d4 exd4 5 e5 and Max Lange Attack} 7. Re1 (7. a4 Bg7 8. Re1 O-O 9. h3 d5 10. exd5 Nxd5 11. Nbd2 a6 12. Ne4 Nf4 13. a5 b5 14. axb6 cxb6 {1-0 (43) Karjakin,S (2782)-Mamedyarov,S (2808) Paris 2018}) 7... g4 8. Nfd2 {LiveBook: 3 Games} h5 {White has an edge.} 9. d4 $146 ({Predecessor:} 9. Nf1 Be6 10. Nbd2 Qd7 11. b4 Bh6 12. a4 Ne7 13. d4 Qc8 14. dxe5 dxe5 {½-½ (57) Demchenko,A (2679)-Moiseenko,V (2492) Sochi 2018}) 9... h4 10. Nf1 Bg7 11. Bg5 Rh5 12. Qc1 Qe7 (12... Kf8 $11) 13. Bd5 (13. d5 $14 Nb8 14. g3) 13... Bd7 $15 14. b4 exd4 (14... Qf8 $17) 15. b5 $2 {[%mdl 8192]} (15. Bxc6 $1 $11 {and White is okay.} Bxc6 16. cxd4) 15... Ne5 $19 16. Rd1 c6 17. bxc6 bxc6 18. Bb3 d3 19. Qe3 h3 20. Ng3 {[#]} Rh7 (20... Rxg5 $1 $19 {[%mdl 512]} 21. Qxg5 Qf8) 21. f4 gxf3 $1 22. gxf3 {[#]} Nfg4 $1 {[%mdl 512]} 23. fxg4 Qxg5 $1 24. Qxg5 Nf3+ 25. Kf1 Nxg5 26. Rxd3 Bxg4 27. Nd2 Be5 28. Nc4 Rh6 29. Nxe5 dxe5 30. Kg1 (30. Nf5 {was called for.} Rg6 31. Re1) 30... Rd8 31. Rxd8+ Kxd8 32. Bd1 Bd7 (32... Bf3 $19 33. Bxf3 Nxf3+ 34. Kf2 Nxh2) 33. Kf2 $17 c5 34. Ke3 Kc7 35. Bb3 Rf6 {Hoping for ...Rf3+.} 36. Rf1 Rxf1 (36... Ra6 {is more complex.} 37. Ne2 Kd8 38. Rg1 f6 39. c4 Ba4) 37. Nxf1 {[%mdl 4096] Endgame KBN-KBN} a5 38. Bd5 Bc6 (38... f6 $15) 39. c4 $2 {[#]} (39. Bxc6 $1 $11 Kxc6 40. a4) 39... a4 (39... Bxd5 $1 $17 40. cxd5 c4) 40. Nd2 Bd7 41. Nb1 Kd6 42. Nc3 Ke7 43. Bb7 (43. a3 $15) 43... Nh7 44. Ba6 (44. a3 $15) 44... Nf6 $19 45. Kf3 {[#]} Ng4 ({Black should try} 45... a3 $1 $19 46. Bb5 Bg4+ 47. Kg3 Be6) 46. Kg3 $15 Ne3 ({Black should play} 46... a3 $1 $15) 47. Bb5 (47. Kf2 $1 $11 {was the only way to keep the balance.} Ng4+ 48. Kg3) 47... Be6 $17 48. Bxa4 Nf1+ ({Don't play} 48... Bxc4 49. Kxh3 Bd3 50. Kg3 $15) ({And not} 48... Nxc4 49. Bb3 $11) 49. Kf2 Nxh2 50. Bd1 Bxc4 51. Kg3 Nf1+ 52. Kxh3 Nd2 {...Bd3 is the strong threat.} 53. Bc2 Nf1 (53... Nf3 $17 {Strongly threatening ...Nd4.} 54. Kg3 Nd4) 54. Ba4 (54. Bd1 $1 $11) 54... Bd3 55. Kg2 $2 {[%mdl 8192]} (55. Bb5 $17 {is more resistant.} c4 56. Kg4) 55... Nd2 $19 56. Bc6 Kd6 57. Bd5 Bc4 $2 (57... Nb1 $19 {and Black stays clearly on top.} 58. Nxb1 Bxb1 59. Bxf7 Bxe4+ 60. Kf2 Bd5) 58. Bb7 $17 Kc7 59. Ba8 Kb6 60. Kf2 $1 Ka5 61. a3 Be6 {White must now prevent ...Nc4.} 62. Bc6 Nc4 63. a4 $2 {[%mdl 8192]} (63. Na4 $17 {was the crucial defense.}) 63... Kb4 $19 64. Na2+ Ka3 65. Nc1 {and the idea Nd3 leaves White hopeful.} Na5 66. Bb5 c4 67. Ke2 c3 (67... Kb2 $142 68. Nd3+ cxd3+ 69. Kxd3 f6) 68. Kd1 {intending Kc2.} Kb2 69. Nd3+ Kb1 70. Ke2 Bc4 {Black mates.} 71. Bxc4 Nxc4 72. a5 Nxa5 73. Nxe5 c2 74. Nd3 Nc4 {Precision: White = 36%, Black = 46%.} 0-1

[Event "Tata Steel India 2018-Blitz"]
[Site "Kolkata"]
[Date "2018.11.13"]
[Round "5"]
[White "Mamedyarov, Shakhriyar"]
[Black "Nakamura, Hikaru"]
[Result "0-1"]
[WhiteElo "2817"]
[BlackElo "2746"]
[Annotator "TA"]
[PlyCount "52"]
[EventDate "2018.11.09"]
[EventType "tourn"]
[EventCountry "IND"]
[SourceTitle "playchess.com"]
[Source "ChessBase"]
[SourceQuality "1"]

{[%evp 19,52,-18,-9,-23,-20,-30,0,0,-30,-158,-185,-274,-252,-365,-362,-421,-406,-912,-911,-811,-912,-793,-904,-889,-872,-1080,-896,-872,-868,-29989,-29990,-29994,-29995,-29995,-29996]} 1. d4 Nf6 2. c4 e6 3. Nf3 d5 4. Bg5 dxc4 5. Nc3 a6 6. a4 c6 {D24: Queen's Gambit Accepted: 3 Nf3 Nf6 4 Nc3} (6... Nc6 7. e3 Na5 8. Nd2 c5 9. Bxf6 Qxf6 10. d5 Qg6 11. Qf3 exd5 12. Nxd5 Bd6 13. h3 O-O 14. Nxc4 Nxc4 15. Bxc4 Bf5 16. Nc3 Be5 17. O-O {½-½ (17) Bruzon Batista,L (2653)-Liang,A (2572) Saint Louis 2018}) 7. e3 b5 8. axb5 cxb5 9. Bxf6 gxf6 10. Nxb5 axb5 {LiveBook: 4 Games} 11. Rxa8 Bb7 12. Ra1 Bb4+ 13. Ke2 O-O 14. Qc2 $146 {[#]} (14. Ne1 $11 {keeps the balance.}) 14... f5 $1 $17 15. Nd2 (15. Ne1 $142 Nc6 16. Rd1) 15... Nc6 $19 16. Rd1 {[#]} (16. h4 $142 f4 17. Nf3) 16... Qxd4 $1 {[%mdl 512]} 17. Nf3 (17. exd4 Nxd4+) 17... Qf6 18. b3 (18. Rd7 $142 Na5 19. Rxb7 Nxb7 20. g3) 18... Bc3 {[%cal Bb4c3,Bc3b2,Bb2c1][%mdl 32]} 19. Rc1 Bb2 20. bxc4 Nb4 21. Qb3 Bxc1 22. Qxb4 Ra8 {[%cal Bf8a8,Ba8a2,Ba2d2][%mdl 32]} 23. Nd4 f4 {[%cal Bf5f4,Bf4e3][%mdl 32]} 24. Qxb5 fxe3 {Black mates.} 25. Qxb7 Ra2+ 26. Kd3 Rd2+ {Precision: White = 23%, Black = 100%.} 0-1

[Event "Tata Steel India 2018-Blitz"]
[Site "Kolkata"]
[Date "2018.11.13"]
[Round "5"]
[White "Anand, Viswanathan"]
[Black "Vidit, Santosh Gujrathi"]
[Result "1-0"]
[WhiteElo "2773"]
[BlackElo "2702"]
[Annotator "TA"]
[PlyCount "97"]
[EventDate "2018.11.09"]
[EventType "tourn"]
[EventCountry "IND"]
[SourceTitle "playchess.com"]
[Source "ChessBase"]
[SourceQuality "1"]

{[%evp 19,97,9,13,0,0,0,0,0,7,0,-5,0,16,29,45,46,34,36,28,38,82,0,56,54,29,51,82,64,70,59,103,102,184,187,186,191,181,180,223,230,208,209,251,248,528,526,554,561,546,462,470,475,447,355,511,509,514,500,484,483,456,359,334,333,421,415,1008,987,6311,29964,5218,5126,29985,29986,29996,790,29997,29998,29998,29999]} 1. e4 e5 2. Nf3 Nc6 3. Bc4 Bc5 4. O-O Nf6 5. d3 O-O 6. h3 d6 7. c3 a5 {C54: Italienische Partie (Hauptvariante)} (7... a6 8. a4 h6 9. Re1 a5 10. Na3 Be6 11. Bxe6 fxe6 12. Nc2 Ba7 13. Be3 Bxe3 14. Nxe3 Qd7 15. Qb3 b6 {½-½ (53) Aronian,L (2767)-Karjakin,S (2773) Saint Louis 2018}) 8. Re1 h6 9. Nbd2 Be6 10. Bb5 Qb8 {LiveBook: 28 Partien} 11. Bxc6 bxc6 12. d4 exd4 13. cxd4 Bb6 {[#]} 14. Nf1 $146 ({Vorgänger:} 14. b3 d5 15. e5 {1-0 (38) Stevic,H (2579)-Deac,B (2594) Batumi 2018}) 14... a4 15. Ng3 Ba5 16. Re3 {[%cal Be1e3,Be3f3,Bf3f5][%mdl 32]} Qb5 17. Nh4 Rfe8 18. Rf3 {Droht stark Txf6!} Nh7 19. Nhf5 Kh8 20. Nh5 (20. Nxg7 $16 Kxg7 {[#]} 21. d5 $1 {[%mdl 512]} cxd5 22. Qd4+ Kf8 23. Qh8+ (23. Bxh6+ Ke7 $17) 23... Ke7 24. Qxh7) 20... Bxf5 ({Besser ist} 20... g6 $11 21. Nfg7 Re7) 21. Rxf5 $14 Qc4 $1 22. Ng3 f6 23. Be3 Bb6 24. h4 Re7 25. a3 Qe6 (25... Qb3 $16) 26. d5 $18 cxd5 27. Bxb6 (27. Qxd5 Qxd5 28. exd5 Bxe3 $15) (27. exd5 $6 Qd7 $14) (27. Rxd5 Bxe3 28. fxe3 Qd7 $15) 27... cxb6 28. Rxd5 Rd7 29. Rc1 Nf8 30. Rc6 Ng6 31. h5 (31. Rxb6 Rad8 $18) (31. Rcxd6 $6 Rxd6 32. Rxd6 Qc4 $16) (31. Rdxd6 $6 Nxh4 32. Rxb6 (32. Rxe6 Rxd1+ 33. Kh2 Rd2 $11) (32. Rxd7 Qxc6 33. Qd5 Qxd5 $16) 32... Rxd6 $16) 31... Nf4 $2 (31... Ne5 {ist wohl besser.} 32. Rxb6 (32. Rcxd6 Rxd6 33. Rxd6 Qc4 $16) 32... Rc8) 32. Rf5 g5 33. hxg6 Nxg6 34. Qd2 Ne5 35. Rc3 ({Schwächer ist} 35. Rxb6 Nc4 $16) 35... Rh7 36. Rh5 Rc8 (36... Nf7 $142 37. Rc7 Rg8) 37. Qxd6 Qxd6 38. Rxc8+ Kg7 39. Nf5+ Kg6 {[#]} 40. Rxh6+ $1 {[%mdl 512]} Rxh6 {[%cal Rd6d1]} 41. Nxd6 {[%mdl 4096] Endspiel KTS-KTS} Kg5 42. g3 {[%cal Bg2g3,Bg3g4][%mdl 32]} Kg4 (42... Kg6 $142 43. Rg8+ Kh7) 43. Kg2 Rh7 44. Rg8+ Kh5 45. Nf5 Rc7 46. f3 Ng6 47. g4+ Kg5 48. Kg3 {[%csl Gg3][%cal Rf3f4]} Rc3 49. bxc3 {Precision: Weiß = 75%, Schwarz = 28%.} 1-0

[Event "Tata Steel India 2018-Blitz"]
[Site "Kolkata"]
[Date "2018.11.13"]
[Round "5"]
[White "Aronian, Levon"]
[Black "Ganguly, Surya Shekhar"]
[Result "1/2-1/2"]
[WhiteElo "2765"]
[BlackElo "2615"]
[Annotator "TA"]
[PlyCount "95"]
[EventDate "2018.11.09"]
[EventType "tourn"]
[EventCountry "IND"]
[SourceTitle "playchess.com"]
[Source "ChessBase"]
[SourceQuality "1"]

{[%evp 11,95,8,19,6,18,0,0,-13,0,0,0,0,0,0,0,0,0,0,0,0,11,12,14,8,0,11,18,9,45,48,52,51,41,35,41,22,22,26,58,57,147,146,164,103,98,107,107,99,203,0,0,0,0,0,0,0,0,-143,-140,-180,-135,-160,-129,-120,-89,-93,-63,-58,-8,-8,-8,-8,-8,-8,-8,-8,-8,-8,0,0,0,0,0,0,0,0]} 1. e4 e5 2. Nf3 Nc6 3. Bc4 Nf6 4. d3 Bc5 5. O-O O-O 6. Nc3 h6 {LiveBook: 53 Games} 7. Ne2 {C50: Hungarian Defence and Giuoco Pianissimo} (7. Na4 Be7 8. a3 d6 9. h3 Be6 10. Bxe6 fxe6 11. Nc3 Qe8 12. d4 Nxd4 13. Nxd4 exd4 14. Qxd4 Qc6 15. e5 dxe5 16. Qxe5 {½-½ (54) Fedoseev,V (2733)-Roiz,M (2604) Antalya 2017}) 7... d6 8. Ng3 Na5 9. Bb5 $146 ({Predecessor:} 9. Bb3 Nxb3 10. axb3 Re8 11. Bd2 Be6 12. h3 Nh7 13. Qe1 Qf6 14. Kh2 d5 15. Be3 Bf8 16. c4 dxc4 17. bxc4 Bc5 18. Qc3 {1-0 (18) Erkhembayar,A (1770)-Chi,Y (1905) Ulaanbaatar 2016}) 9... c6 10. Ba4 b5 11. Bb3 $1 Nxb3 12. axb3 Re8 13. Re1 d5 (13... a5 {looks sharper.} 14. c3 d5 15. exd5 Qxd5 16. h3 Bb7) 14. exd5 cxd5 15. Nxe5 Bxf2+ 16. Kxf2 Rxe5 $1 17. Rxe5 Ng4+ 18. Kg1 Nxe5 19. Qe1 Ng4 20. h3 $36 {[%mdl 2048] White has good play.} Qb6+ 21. Kh1 Nf6 $1 22. Bf4 Bd7 23. Be5 Re8 24. Qc3 Rc8 25. Qd2 $1 Re8 {[#]} (25... a5 $14) 26. Qf4 $1 $16 Nh7 27. Qd4 (27. Bd4 $18 Qg6 28. Rxa7) 27... Bxh3 28. Bxg7 Qe6 29. Rf1 Ng5 {[#]} (29... h5 $16) 30. Qh4 $2 ({White must play} 30. Bh8 $1 $18 {[%csl Gh8][%cal Rd4g7]} Bxg2+ 31. Kg1) 30... Kxg7 $11 31. gxh3 Qxh3+ 32. Qxh3 Nxh3 {[%mdl 4096] Endgame KRN-KRN} 33. Nf5+ Kg6 34. Nd6 (34. Nd4 $11 {keeps the balance.}) 34... Re2 $17 35. Rxf7 Ng5 36. Rf4 Rxc2 {Threatens to win with ...b4.} 37. Nxb5 Rxb2 38. Nxa7 Rxb3 {And now ...Ne6 would win.} 39. Nc6 Rb2 40. Ne7+ {The position is equal.} Kg7 41. Nxd5 Rd2 42. d4 Ne6 43. Rg4+ Kf7 44. Rh4 Nxd4 45. Rxh6 Kg7 46. Rh3 Nf5 47. Ne3 Nxe3 48. Rxe3 {Precision: White = 64%, Black = 39%.} 1/2-1/2

[Event "Tata Steel India 2018-Blitz"]
[Site "Kolkata"]
[Date "2018.11.13"]
[Round "5"]
[White "So, Wesley"]
[Black "Harikrishna, Pentala"]
[Result "1-0"]
[WhiteElo "2765"]
[BlackElo "2729"]
[Annotator "TA"]
[PlyCount "141"]
[EventDate "2018.11.09"]
[EventType "tourn"]
[EventCountry "IND"]
[SourceTitle "playchess.com"]
[Source "ChessBase"]
[SourceQuality "1"]

{[%evp 14,141,5,-14,14,11,26,0,-4,-7,-4,-5,-6,0,10,-9,0,-10,0,0,0,0,0,-16,0,0,0,-2,0,0,0,-5,-5,0,0,0,0,-17,-18,-26,-13,-21,-21,-39,-6,-8,-21,-81,-79,-57,-8,-10,-12,-79,0,0,0,0,0,0,0,0,0,0,0,0,61,49,170,161,161,49,261,233,231,214,222,189,189,189,189,132,132,132,125,105,214,214,214,214,214,214,1412,1412,214,214,1412,1412,1412,1412,1412,1412,1412,1412,1394,1387,1367,1325,1043,969,962,955,933,710,926,762,1578,1578,1571,1441,12476,7321,5624,4710,29976,29977,29975,29977,29994,11198]} 1. c4 Nf6 2. Nc3 e5 3. Nf3 Nc6 4. e3 Bb4 5. Qc2 Bxc3 6. bxc3 O-O 7. e4 {A28: English Opening: Four Knights Variation} d6 8. g3 {LiveBook: 29 Games} Kh8 (8... h6 9. Bg2 Be6 10. d3 Qc8 11. h3 Ne7 12. Nh4 Ng6 13. Nf5 Bxf5 14. exf5 Qxf5 {½-½ (28) So,W (2776)-Sevian,S (2634) Douglas 2018}) 9. d3 {The position is equal.} Ng8 {[%cal Bf6g8,Bg8e7,Be7f5][%mdl 32]} 10. Nh4 Nge7 11. Bg2 f5 12. exf5 Nxf5 13. Nf3 Nfe7 $146 ({Predecessor:} 13... Qe8 14. Qe2 {1-0 (68) Mareco,S (2645)-Padmini,R (2360) Dubai 2018}) 14. O-O h6 15. Be3 Bf5 16. Nh4 Bh7 17. Qe2 Qd7 18. d4 Nf5 19. Nxf5 Bxf5 20. Rfe1 Rae8 21. Qb2 b6 22. c5 exd4 23. cxd4 d5 24. Rac1 Na5 25. Bf4 Nc4 26. Qc3 c6 27. cxb6 (27. Ra1 {with more complications.} Rxe1+ 28. Rxe1 Qf7 29. a4 Re8 30. Rc1) 27... axb6 28. Bf1 Bh3 29. Rxe8 Rxe8 30. Bxc4 (30. Re1 $11 {remains equal.} Bxf1 31. Kxf1) 30... dxc4 $17 31. Qxc4 Re4 32. Be5 c5 33. f3 (33. f4 $1 $11) 33... Rxe5 ({Better is} 33... Re3 $17) 34. dxe5 {[%mdl 4096] Endgame KQR-KQB} Qd2 {[%csl Gh3][%cal Rd2g2]} 35. Qc2 Qe3+ 36. Kh1 Qxf3+ 37. Kg1 {Threatens to win with Re1.} Qe3+ 38. Kh1 Bg4 {( -> ...Bf3+)} 39. h3 Bf3+ (39... Bf5 $11 40. Qxf5 Qxc1+ 41. Kg2 Qb2+ 42. Kf3 Qa3+ 43. Kf4 Qxa2 44. Qf8+ Qg8) 40. Kh2 $14 {Rf1 is the strong threat.} Be2 {[#]} (40... Be4 $14 41. Qb2 Bc6) 41. Rg1 $1 $18 Bd3 {[#]} 42. Qc3 (42. Qd1 $1 $18) 42... b5 $2 {[#]} (42... Qe2+ $1 $14 43. Rg2 Qe4) 43. e6 $1 Qe2+ (43... Qxe6 44. Qxd3) 44. Rg2 Qe4 45. e7 Bc4 46. a4 {Hoping for axb5.} Qxe7 47. axb5 (47. Rf2 $18) 47... Bxb5 $16 48. Rc2 c4 49. Rb2 Qc5 (49... Qf7 $16) 50. Qb4 $18 Qxb4 51. Rxb4 {KR-KB} Bd7 52. Rxc4 Bf5 $2 (52... Kh7 53. Rd4 Be6) 53. Rc5 Bg6 54. h4 Kg8 $2 (54... Kh7 55. g4 Be4) 55. Kg2 Be4+ 56. Kf2 Kf7 57. Ke3 Bb1 58. Kf4 Bd3 59. Ke5 Bb1 60. Rc7+ Kf8 61. Rb7 Bd3 62. Rb4 Kf7 63. Rb3 Bc2 64. Rb7+ Kg6 65. Ke6 Bf5+ 66. Ke7 Kh5 67. Kf7 g5 68. Kf6 Bd3 69. hxg5 {White mates.} hxg5 70. Rg7 g4 71. Rg5+ {Precision: White = 61%, Black = 31%.} (71. Rd7 $142 Bg6 72. Kg7 Be4 73. Rc7 Bf5 74. Rc5 Kg5 75. Rd5 Kh5 76. Rxf5#) 1-0

[Event "Tata Steel India 2018-Blitz"]
[Site "Kolkata"]
[Date "2018.11.13"]
[Round "5"]
[White "Karjakin, Sergey"]
[Black "Praggnanandhaa R"]
[Result "0-1"]
[WhiteElo "2753"]
[BlackElo "2530"]
[Annotator "TA"]
[PlyCount "142"]
[EventDate "2018.11.09"]
[EventType "tourn"]
[EventCountry "IND"]
[SourceTitle "playchess.com"]
[Source "ChessBase"]
[SourceQuality "1"]

{[%evp 9,142,14,44,34,36,13,76,69,80,64,53,69,72,69,102,108,99,81,81,49,101,112,110,99,100,89,105,55,77,87,73,31,78,46,78,93,74,69,91,86,91,22,50,0,56,17,28,40,61,-65,0,0,0,0,0,-10,0,0,0,0,30,27,76,0,82,0,0,-492,-502,-539,-538,-524,-534,-520,-497,-602,-597,-585,-565,-545,-480,-462,-456,-503,-484,-658,-626,-706,-688,-789,-826,-823,-831,-705,-797,-748,-754,-704,-707,-962,-981,-889,-956,-952,-928,-905,-900,-970,-898,-1352,-984,-1567,-1473,-1272,-1031,-1839,-1670,-1387,-1289,-1048,-991,-787,-771,-29975,-29977,-29978,-29979,-29986,-29986,-29986,-29986,-29986,-29985,-29987,-29988]} 1. e4 c6 2. Nf3 d5 3. exd5 cxd5 4. d4 Nc6 5. Bb5 a6 (5... Qa5+ 6. Nc3 Bg4 7. Bd2 Qd8 8. Ne5 Bd7 9. Bxc6 Bxc6 10. Qf3 Nf6 11. g4 h6 12. h4 e6 13. O-O-O {½-½ (51) Shankland,S (2722)-Tomczak,J (2614) Batumi 2018}) 6. Bxc6+ {B13: Caro-Kann: Exchange Variation and Panov-Botvinnik Attack} bxc6 7. Ne5 Bd7 (7... e6 $11 {keeps the balance.}) 8. c4 $146 {White is better.} ({Predecessor:} 8. O-O e6 9. Be3 Bd6 10. Nd2 Ne7 11. b3 O-O 12. c4 f6 13. Nxd7 Qxd7 {0-1 (42) Borras Carbonell,A (1851)-Font Font,J (1801) Palafrugell 2012}) 8... Nf6 9. Nc3 dxc4 10. O-O e6 11. Qf3 {[%mdl 1024] White has strong compensation.} Rc8 12. Bg5 Be7 13. Rad1 O-O 14. Na4 Nd5 (14... Be8 $14) 15. Bxe7 Qxe7 16. Nc5 Be8 17. Nxc4 f6 18. Qa3 Bf7 19. Rfe1 Ra8 20. h3 Rfe8 21. Qa4 Qc7 22. Qa5 Qb8 23. Rc1 Qb5 24. Qd2 {aiming for Nd6.} Rad8 25. Ne4 (25. Na5 $16) 25... Qb4 $11 26. Nc5 a5 (26... e5 $11) 27. a3 Qxd2 28. Nxd2 Nf4 29. Re4 (29. g3 $1 $14 Ng6 30. Nf3) 29... Rxd4 (29... e5 $15 30. dxe5 fxe5) 30. Rxd4 Ne2+ 31. Kf1 Nxd4 32. Ndb3 e5 33. Nxa5 Bd5 34. b4 f5 35. Nc4 e4 36. a4 (36. Nb6 $16) 36... f4 (36... Rb8 $11) 37. Rc3 ({White should play} 37. Nb6 $16) 37... Rb8 38. a5 $2 {[%mdl 8192]} (38. Na6 $1 $11 {and White stays safe.} Ra8 39. Nc5) 38... Rxb4 $19 {[#] ( -> ...Rb1+)} 39. Nd2 Rb2 40. Ke1 e3 41. fxe3 fxe3 42. Rxe3 Nc2+ 43. Kf2 Nxe3 44. Kxe3 {[%mdl 4096] Endgame KRB-KNN} Rb5 45. Nd3 Rxa5 46. g4 Ra2 47. h4 Ra4 48. Nf4 h6 49. g5 hxg5 50. hxg5 Kf7 51. Nf1 Re4+ 52. Kf3 Re1+ 53. Kf2 Re5 54. g6+ Kf6 55. Ne3 Kg5 56. Nd3 Re8 57. Nb4 Be4 58. Na6 Kxg6 59. Nc5 Bd5 60. Nd3 Kg5 61. Nb4 Be4 62. Na6 Rf8+ 63. Ke2 Kh4 64. Nc5 Bf3+ 65. Kf2 Bd5+ 66. Kg1 g5 {[%cal Bg7g5,Bg5g4,Bg4g3][%mdl 32] Black mates.} 67. Nd7 Rf3 68. Nc2 g4 69. Ne5 Rc3 70. Nd4 Kg5 71. Kf2 g3+ {Precision: White = 39%, Black = 59%.} 0-1

[Event "Tata Steel India 2018-Blitz"]
[Site "Kolkata"]
[Date "2018.11.13"]
[Round "6"]
[White "Aronian, Levon"]
[Black "So, Wesley"]
[Result "1/2-1/2"]
[WhiteElo "2765"]
[BlackElo "2765"]
[Annotator "TA"]
[PlyCount "126"]
[EventDate "2018.11.09"]
[EventType "tourn"]
[EventCountry "IND"]
[SourceTitle "playchess.com"]
[Source "ChessBase"]
[SourceQuality "1"]

{[%evp 9,126,11,15,-6,0,0,0,0,0,-3,0,0,0,-12,-8,-15,10,8,0,-4,17,0,-12,-5,-7,-14,0,-17,-6,-16,0,-11,-8,-20,-9,-37,-58,-61,-37,-54,-39,-67,-60,-70,-69,-60,-58,-151,-141,-191,-178,-295,-190,-201,-209,-200,-182,-193,-104,-114,-111,-222,-197,-201,-201,-245,-150,-150,-158,-263,-162,-159,-145,-136,0,-69,-62,-61,-1,-15,395,64,60,0,0,0,0,-697,-656,-585,-114,-108,-114,-110,-107,-106,0,-122,-199,-193,0,0,0,0,0,0,0,0,0,-38,0,0,0,0,0,0,0,0,0]} 1. Nf3 d5 2. e3 Nf6 3. c4 e6 4. Nc3 Bd6 5. b3 O-O {LiveBook: 10 Games} 6. g3 $146 {A17: English Opening: 1...Nf6 with ...Bb4} ({Predecessor:} 6. Bb2 b6 7. g3 Bb7 8. Bg2 dxc4 9. bxc4 e5 10. O-O Nbd7 11. Qc2 Re8 12. d4 {1-0 (45) Wei,Y (2735)-Inarkiev,E (2690) Magas 2018}) 6... c5 7. Bg2 Nc6 8. cxd5 exd5 9. O-O Re8 10. Bb2 d4 11. Ne2 {[%cal Re3d4]} Qe7 12. Re1 {[%cal Re3d4]} dxe3 13. dxe3 Bf5 14. Nh4 Bd7 15. Qb1 Be5 16. Bxe5 Qxe5 17. a3 Qe7 18. Qc2 Rac8 19. Rad1 g6 20. Nc3 Bg4 21. Rc1 Red8 22. Qb1 Ne5 23. h3 Be6 24. Red1 b6 25. f4 Nc6 26. Rxd8+ Qxd8 27. Rd1 Qe7 28. Nb5 (28. Bxc6 $15 Rxc6 29. Kh2) 28... Na5 $17 29. e4 Bxb3 30. Re1 (30. Rd2 $142) 30... Nh5 31. Kh2 {[#]} Nxf4 $1 {[%mdl 512]} 32. Nf5 (32. gxf4 Qxh4) 32... gxf5 33. gxf4 a6 (33... Qh4 $19 {Hoping for ...Rd8.} 34. exf5 a6) 34. Nc3 Qh4 35. Qc1 (35. Rf1 $17 {is a better defense.}) 35... Kh8 36. exf5 Rg8 37. Ne4 f6 38. Qc3 Bd5 39. Re3 (39. Re2 $17 {was the only chance.}) 39... Bxe4 40. Rxe4 Nc6 41. Qe3 Qh6 $40 {[%mdl 128] Black attacks.} (41... Kg7 $17 42. Qe1 Qxe1 43. Rxe1 Rc8) 42. Re6 (42. Re8 $11 Nd4 43. Bd5) 42... Nd4 $15 {...Qg7 is the strong threat.} 43. Rxb6 Qg7 ({Better is} 43... Qh4 $15 44. Rxa6 Nxf5) 44. Qf2 $11 c4 $2 {[%mdl 8192]} (44... a5 $11) 45. Bd5 $2 (45. Rb7 $18 Qxg2+ 46. Qxg2 Rxg2+ 47. Kxg2) 45... Re8 $1 $14 46. Be6 (46. Bxc4 $14 Nxf5 47. Rxa6) 46... Nxe6 $11 47. Rxe6 {[%mdl 4096] Endgame KQR-KQR} Rc8 {White must now prevent ...c3.} 48. Re3 $2 {[%mdl 8192]} (48. Rxa6 $11 Qd7 49. Rxf6) 48... c3 $19 {Threatens to win with ...c2.} 49. Rg3 Qd7 $2 ({Worse is} 49... c2 50. Rxg7 c1=Q 51. Rg1 $11) (49... Qe7 $19 {is more deadly. aiming for ...c2.} 50. Rg1 c2) 50. Qb6 $17 Qd2+ 51. Kh1 {[%cal Rb6f6]} Qd1+ 52. Kh2 {[%cal Rb6f6]} Qd2+ 53. Kh1 $1 {[%cal Rb6f6]} Qd5+ (53... Qe1+ $17 54. Kh2 Qd2+) 54. Kh2 $19 {[%cal Rb6f6] [#]} Qc6 $2 ({Resist} 54... Qxf5 55. Qb7 $17) ({Don't take} 54... Qd2+ 55. Kh1 $17) (54... Qf7 $1 $19 55. Qxa6 Qf8) 55. Qa7 $1 $11 {[%csl Gg3][%cal Ra7g7]} Rg8 56. Qf7 $1 {[%csl Gf7][%cal Rg3g8]} Rxg3 57. Kxg3 {[%cal Rf7f8] KQ-KQ} Qd6 {Strongly threatening ...c2.} 58. Qc4 $1 Qxa3 {( -> ...c2+)} 59. Kh4 Kg7 (59... Qd6 $5 {[%cal Rc3c2]} 60. Kg3 Qd7 $15) 60. Qc7+ {The position is equal.} Kh6 61. Qd8 {[%cal Rd8f6]} Kg7 62. Qc7+ Kh6 63. Qd8 {[%cal Rd8f6]} Kg7 {Precision: White = 49%, Black = 43%.} 1/2-1/2